| 000 | 00826nam a22001937a 4500 | ||
|---|---|---|---|
| 005 | 2012042608098.0 | ||
| 020 |
_c150.00 _a |
||
| 035 | _aB-46483 | ||
| 037 |
_b _adpl |
||
| 082 | _a371.11 | ||
| 100 |
_aबधेका, गिजुभाई _945788 |
||
| 245 | 1 |
_aऐसे हों शिक्षक / _cगिजुभाई बधेका |
|
| 260 |
_aदिल्ली _bसंस्कृति साहित्य _c2000 |
||
| 270 |
_a _b _e _k |
||
| 300 |
_a120पृ. _c22सेमी (सजिल्द) |
||
| 490 |
_aशिक्षा के विविध आयाम _945789 |
||
| 942 |
_adpl _cHN _k _2ddc _h371.11 _mबधेका |
||
| 999 |
_c65671 _d65671 |
||